000 00781nam a2200229Ia 4500
003 GCL
008 140319s9999 xx 000 0 ara d
040 _aGCL /
_cGCL
082 0 4 _a228.1
_bع ح
100 1 _aعلى النجدى ناصف
245 1 0 _aالحجة فى علل القراءات السبع /
_cعلى النجدى ناصف
700 1 _aابوعلى الفارسى، الحسن بن احمد
700 1 _aعبدالحليم النجار
250 _aالثانية
260 _aالقاهرة :
_bالهيئة المصرية العامة للكتاب ،
_c1983
300 _a455 ص ؛
_c30 سم
650 0 4 _aالاسلام
650 0 4 _aالقراءات والتجويد
650 0 4 _aرواة وحفاظ
650 0 4 _aالقران
942 _2ddc
_cBK
999 _c29514
_d29514